=LDR 00000nam 2200000 4500 =001 INLIS000000000053750 =005 20190204094656 =035 ##$$a 0010-0219000007 =007 ta =008 190204###########################0###### =020 ##$$a 978-602-14559-0-6 =082 ##$$a 663.607 =084 ##$$a 663.607 IND =245 ##$$a Indeks laporan Penelitian Mineral dan Batubara =260 ##$$a Bandung :$b Pusdiklat Mineral dan Batubara,$c 2015 =300 ##$$a 180 hlm. ; $c 22 Cm. =650 ##$$a Batubara - Laporan Penelitian =700 #$$a Asep Rahmat =990 ##$$a 01770177 =990 ##$$a 31800159